[Event "2. Bundesliga Ost 2015/2016"]
[Site "Wien"]
[Date "2016.02.21"]
[Round "6"]
[Board "4"]
[White "Wiedermann, Franz"]
[Black "Pinter, Erik"]
[Result "0-1"]
[WhiteElo "2095"]
[BlackElo "2370"]
[PlyCount "76"]
[EventDate "2015.10.17"]
[EventType "team"]
[EventRounds "11"]
[EventCountry "AUT"]
[WhiteTeam "SK Austria"]
[BlackTeam "Blackburne Nickelsdorf"]

1. d4 Nf6 2. c4 g6 3. Nc3 d5 4. Nf3 Bg7 5. Qb3 dxc4 6. Qxc4 Nfd7 7. Bf4 c6 8.
e4 Nb6 9. Qb3 Bg4 10. a4 a5 11. Rd1 O-O 12. Be3 N8d7 13. Be2 Qc7 14. O-O Bxf3
15. gxf3 e5 16. d5 Kh8 17. d6 Qd8 18. f4 Bh6 19. f5 Bxe3 20. fxe3 Qg5+ 21. Kh1
Qxe3 22. Rf3 Qh6 23. Bc4 Nxc4 24. Qxc4 g5 25. Qf1 g4 26. Rg3 Rg8 27. Qc4 Qf6
28. Ne2 Rac8 29. Rb3 b6 30. Ng3 Rg5 31. Nf1 h5 32. Ne3 Rgg8 33. Rc3 g3 34. Qe2
Qh4 35. Nc4 gxh2 36. Rf3 Rg1+ 37. Rxg1 hxg1=Q+ 38. Kxg1 Rg8+ 0-1

[Event "2. Bundesliga Ost 2015/2016"]
[Site "Wien"]
[Date "2016.02.21"]
[Round "6"]
[Board "5"]
[White "Vlcek, Stanislav"]
[Black "Steiner, Johann"]
[Result "1-0"]
[WhiteElo "2286"]
[BlackElo "2058"]
[PlyCount "77"]
[EventDate "2015.10.17"]
[EventType "team"]
[EventRounds "11"]
[EventCountry "AUT"]
[WhiteTeam "Blackburne Nickelsdorf"]
[BlackTeam "SK Austria"]

1. e4 d5 2. exd5 Qxd5 3. Nc3 Qd8 4. d4 Nf6 5. Bf4 e6 6. Nf3 c6 7. Bd3 Be7 8.
Qe2 Nbd7 9. O-O Nd5 10. Bg3 Nxc3 11. bxc3 Nf6 12. c4 O-O 13. Rfd1 Qa5 14. Ne5
c5 15. d5 exd5 16. cxd5 Nxd5 17. Nc4 Qd8 18. Be4 Nc3 19. Bxh7+ Kxh7 20. Qh5+
Kg8 21. Rxd8 Rxd8 22. Be5 Be6 23. Bxc3 Bxc4 24. Qg4 Rd4 25. Bxd4 cxd4 26. Qd7
Bf6 27. Qxb7 Rd8 28. Qc7 Be6 29. Rb1 Bxa2 30. Rb8 Rxb8 31. Qxb8+ Kh7 32. Qxa7
Be6 33. Qc5 g6 34. f3 Bf5 35. h3 Be6 36. f4 Bg7 37. g4 f5 38. Qe7 Bc8 39. Qh4+
 1-0

[Event "2. Bundesliga Ost 2015/2016"]
[Site "Wien"]
[Date "2016.02.21"]
[Round "6"]
[Board "6"]
[White "Rogetzer, Klaus"]
[Black "Kuntner, Reinhard"]
[Result "1/2-1/2"]
[WhiteElo "2084"]
[BlackElo "2102"]
[PlyCount "66"]
[EventDate "2015.10.17"]
[EventType "team"]
[EventRounds "11"]
[EventCountry "AUT"]
[WhiteTeam "SK Austria"]
[BlackTeam "Blackburne Nickelsdorf"]

1. d4 Nf6 2. c4 e6 3. Nc3 d5 4. Bg5 Be7 5. cxd5 exd5 6. Qc2 O-O 7. e3 Re8 8.
Bd3 h6 9. Bh4 c5 10. Nge2 Nc6 11. a3 cxd4 12. exd4 Qb6 13. O-O Be6 14. Na4 Qd8
15. Nc5 Bc8 16. b4 b6 17. Bb5 Qc7 18. Na6 Bxa6 19. Bxa6 Bd6 20. Rac1 Rxe2 21.
Qxe2 Nxd4 22. Qd3 Bxh2+ 23. Kh1 Qf4 24. g3 Qg4 25. Kg2 Nh5 26. Rc8+ Rxc8 27.
Bxc8 Nf4+ 28. Kxh2 f5 29. Bxf5 Nxf5 30. gxf4 Nxh4 31. Qxd5+ Kh8 32. Qa8+ Kh7
33. Qe4+ Kh8 1/2-1/2

[Event "2. Bundesliga Ost 2015/2016"]
[Site "Wien"]
[Date "2016.03.05"]
[Round "7"]
[Board "1"]
[White "Pacher, Milan"]
[Black "Jankovic, Alojzije"]
[Result "0-1"]
[WhiteElo "2471"]
[BlackElo "2559"]
[PlyCount "80"]
[EventDate "2015.10.17"]
[EventType "team"]
[EventRounds "11"]
[EventCountry "AUT"]
[WhiteTeam "SK Austria"]
[BlackTeam "SK Advisory Invest Baden"]

1. e4 c5 2. Nf3 Nc6 3. d4 cxd4 4. Nxd4 Qb6 5. Nb3 Nf6 6. Nc3 e6 7. Qe2 Qc7 8.
g4 h6 9. g5 hxg5 10. Bxg5 a6 11. O-O-O d6 12. f4 Bd7 13. Re1 O-O-O 14. Rg1 Re8
15. Qf2 Nh7 16. Bh4 g6 17. Na4 Kb8 18. Nb6 Bc8 19. Kb1 Bg7 20. a3 Nf8 21. Bg3
Nd7 22. Nc4 b5 23. Ne3 Bb7 24. Bg2 Nb6 25. e5 d5 26. c3 Nc4 27. Nc2 N6a5 28.
Nxa5 Qxa5 29. Bf1 Rc8 30. Bh4 Nxb2 31. Be7 Na4 32. Bb4 Nxc3+ 33. Kb2 Na4+ 34.
Kb3 Qd8 35. f5 exf5 36. e6 Qf6 37. Bd6+ Ka8 38. Be5 Qxe5 39. Rxe5 Bxe5 40. exf7
Nc5+ 0-1

[Event "2. Bundesliga Ost 2015/2016"]
[Site "Wien"]
[Date "2016.03.05"]
[Round "7"]
[Board "2"]
[White "Sharashenidze, Akaki"]
[Black "Hangweyrer, Manfred"]
[Result "1/2-1/2"]
[WhiteElo "2321"]
[BlackElo "2390"]
[PlyCount "133"]
[EventDate "2015.10.17"]
[EventType "team"]
[EventRounds "11"]
[EventCountry "AUT"]
[WhiteTeam "SK Advisory Invest Baden"]
[BlackTeam "SK Austria"]

1. e4 d6 2. d4 Nf6 3. Nc3 e5 4. dxe5 dxe5 5. Qxd8+ Kxd8 6. Bc4 Be6 7. Bxe6 fxe6
8. f3 Nc6 9. Be3 Bd6 10. Nge2 a6 11. O-O-O Ke7 12. h4 h6 13. Rdg1 Raf8 14. g4
Nd7 15. Rh3 Bc5 16. Bxc5+ Nxc5 17. g5 h5 18. Rf1 Rf7 19. f4 exf4 20. Rxf4 Rhf8
21. Rhf3 Ne5 22. Rxf7+ Rxf7 23. Rxf7+ Kxf7 24. Nf4 g6 25. b4 Ncd7 26. Nce2 Nf3
27. Ng2 Nb6 28. c3 Nc4 29. Kc2 Nd6 30. Kd3 Ne5+ 31. Kd4 Ng4 32. Ng3 e5+ 33. Kd3
b5 34. Ke2 Nc4 35. Nf1 Nd6 36. Nd2 Ke6 37. Ne1 Nb7 38. Nb3 Kd6 39. Nd3 Kc6 40.
Nbc5 Nxc5 41. Nxc5 a5 42. Nd3 axb4 43. cxb4 Kd6 44. Nc5 c6 45. a4 bxa4 46. Nxa4
Ke6 47. Nb2 Kd6 48. Nc4+ Ke6 49. Na5 Kd6 50. Nb7+ Kc7 51. Nc5 Kd6 52. Kf3 Nh2+
53. Kf2 Ng4+ 54. Ke2 Nh2 55. Nd3 Ng4 56. Nb2 Ke7 57. Nc4 Ke6 58. Kf3 Ke7 59.
Ke2 Ke6 60. Ne3 Nxe3 61. Kxe3 Kd6 62. Kd3 Kc7 63. Kc3 Kb7 64. Kb3 Ka6 65. Kc4
Kb6 66. Kc3 Kb5 67. Kb3 1/2-1/2

[Event "2. Bundesliga Ost 2015/2016"]
[Site "Wien"]
[Date "2016.03.05"]
[Round "7"]
[Board "3"]
[White "Plachetka, Jan"]
[Black "Fieberg, Samuel"]
[Result "1-0"]
[WhiteElo "2373"]
[BlackElo "2153"]
[PlyCount "117"]
[EventDate "2015.10.17"]
[EventType "team"]
[EventRounds "11"]
[EventCountry "AUT"]
[WhiteTeam "SK Austria"]
[BlackTeam "SK Advisory Invest Baden"]

1. d4 d5 2. c4 c6 3. Nc3 Nf6 4. Bg5 h6 5. Bxf6 gxf6 6. e3 Rg8 7. Qb3 e6 8. Nf3
Qb6 9. Qc2 Bd7 10. O-O-O Na6 11. a3 Qa5 12. c5 b6 13. Nd2 b5 14. Na2 Nc7 15. g3
Qa6 16. Be2 O-O-O 17. Nb3 e5 18. Qc3 e4 19. Nb4 Qa4 20. Rd2 a5 21. Nc2 b4 22.
axb4 Nb5 23. Bxb5 Qxb5 24. bxa5 Kc7 25. Nba1 Rb8 26. b4 h5 27. h4 Be7 28. Nb3
Bg4 29. Re1 Rb7 30. Kb2 Rgb8 31. Ra1 Qa6 32. Nc1 Bd8 33. Ra3 Kc8 34. Qb3 Rb5
35. Na2 Rxa5 36. Rxa5 Bxa5 37. Qa4 Qb5 38. Qxb5 Rxb5 39. Ka3 Bc7 40. Nc3 Rb8
41. b5 Ra8+ 42. Kb3 cxb5 43. Nb4 Be6 44. Ra2 Rxa2 45. Kxa2 Ba5 46. Ka3 Kb7 47.
Ncxd5 Bxd5 48. Nxd5 Be1 49. Nxf6 Bxf2 50. Nxe4 Bxe3 51. d5 f5 52. Nd6+ Kb8 53.
Kb4 f4 54. gxf4 Bxf4 55. Kxb5 Bg3 56. Nf5 Bf2 57. d6 Kc8 58. c6 Kd8 59. Ne7 1-0

[Event "2. Bundesliga Ost 2015/2016"]
[Site "Wien"]
[Date "2016.03.05"]
[Round "7"]
[Board "4"]
[White "Juenger, Heinz"]
[Black "Druckenthaner, Andreas"]
[Result "1/2-1/2"]
[WhiteElo "2123"]
[BlackElo "2314"]
[PlyCount "167"]
[EventDate "2015.10.17"]
[EventType "team"]
[EventRounds "11"]
[EventCountry "AUT"]
[WhiteTeam "SK Advisory Invest Baden"]
[BlackTeam "SK Austria"]

1. d4 d5 2. c4 dxc4 3. e3 Be6 4. Nf3 c6 5. Qc2 Nf6 6. Bxc4 Bxc4 7. Qxc4 Qd5 8.
Qe2 Nbd7 9. Nc3 Qh5 10. e4 e6 11. a3 Be7 12. Bf4 O-O 13. O-O Rfe8 14. Rad1 Qg4
15. Bg3 Nh5 16. Qd2 Nxg3 17. hxg3 Rad8 18. Qc2 Nf6 19. Rd2 Qh5 20. Nh2 Rd7 21.
Rfd1 Red8 22. Rd3 a6 23. Qd2 e5 24. Qe3 exd4 25. Rxd4 Rxd4 26. Rxd4 Re8 27. Qf3
Qe5 28. Rd3 Bc5 29. Ng4 Nxg4 30. Qxg4 h5 31. Qf4 Bd4 32. Qxe5 Bxe5 33. Nd1 c5
34. Kf1 Bd4 35. f3 Re6 36. b3 b5 37. Ne3 Bxe3 38. Rxe3 Rc6 39. Ke2 Kf8 40. Rd3
Ke7 41. Rd5 c4 42. bxc4 Rxc4 43. Kd2 Ke6 44. Rd3 g5 45. Kd1 f6 46. Kd2 Ra4 47.
Ke3 Rc4 48. Kd2 Rc6 49. Rb3 Rd6+ 50. Ke2 Rd4 51. Rc3 Kd6 52. Rc1 a5 53. Rc3 b4
54. axb4 Rxb4 55. Rc8 a4 56. Rf8 Rb2+ 57. Ke3 Ke7 58. Ra8 Rxg2 59. Rxa4 Rxg3
60. Kf2 Rh3 61. Kg2 Rh4 62. Ra7+ Ke6 63. Ra6+ Ke5 64. Ra5+ Ke6 65. Ra6+ Kf7 66.
Ra7+ Kg6 67. Ra6 Rf4 68. e5 Kf7 69. exf6 Rxf6 70. Ra5 Kg6 71. Rb5 Re6 72. Kg3
Re2 73. Rb6+ Kf5 74. Rb5+ Re5 75. Rb8 h4+ 76. Kf2 Rc5 77. Rf8+ Kg6 78. Kg2 Rc2+
79. Kh3 Rc4 80. Kg2 Rc2+ 81. Kh3 Rf2 82. Kg4 Rg2+ 83. Kh3 Rg3+ 84. Kh2 1/2-1/2

[Event "2. Bundesliga Ost 2015/2016"]
[Site "Wien"]
[Date "2016.03.05"]
[Round "7"]
[Board "5"]
[White "Liedl, Wolfgang"]
[Black "Dzierzenga, Stefan"]
[Result "1/2-1/2"]
[WhiteElo "2272"]
[BlackElo "2186"]
[PlyCount "52"]
[EventDate "2015.10.17"]
[EventType "team"]
[EventRounds "11"]
[EventCountry "AUT"]
[WhiteTeam "SK Austria"]
[BlackTeam "SK Advisory Invest Baden"]

1. d4 Nf6 2. c4 c5 3. d5 b5 4. cxb5 a6 5. bxa6 g6 6. Nc3 Bg7 7. e4 Qa5 8. Bd2
Bxa6 9. Bxa6 Qxa6 10. e5 Ng8 11. Nf3 d6 12. Bf4 dxe5 13. Bxe5 Nf6 14. Qe2 Nbd7
15. Qxa6 Rxa6 16. Bxf6 Bxf6 17. O-O O-O 18. Rac1 Rd8 19. b3 Bxc3 20. Rxc3 Rxa2
21. Re1 Nf6 22. Rxe7 Rxd5 23. h3 Ra1+ 24. Kh2 Ra2 25. Kg1 Ra1+ 26. Kh2 Ra2
 1/2-1/2

[Event "2. Bundesliga Ost 2015/2016"]
[Site "Wien"]
[Date "2016.03.05"]
[Round "7"]
[Board "6"]
[White "Trippold, Denise"]
[Black "Higatsberger, Michael"]
[Result "0-1"]
[WhiteElo "1982"]
[BlackElo "2148"]
[PlyCount "60"]
[EventDate "2015.10.17"]
[EventType "team"]
[EventRounds "11"]
[EventCountry "AUT"]
[WhiteTeam "SK Advisory Invest Baden"]
[BlackTeam "SK Austria"]

1. d4 d5 2. c4 c5 3. cxd5 Qxd5 4. Nf3 cxd4 5. Nc3 Qa5 6. Nxd4 Nf6 7. e3 e5 8.
Ndb5 Nc6 9. Bc4 a6 10. Nd6+ Bxd6 11. Qxd6 Qb4 12. Qxb4 Nxb4 13. O-O Be6 14. Be2
O-O 15. Bf3 Rfd8 16. Bxb7 Rab8 17. Bf3 Bc4 18. Rd1 e4 19. Rxd8+ Rxd8 20. Bd1
Nxa2 21. Ba4 Nxc1 22. Rxc1 Bd3 23. b4 Rc8 24. Bb3 Kf8 25. h3 Rc7 26. Kh2 g5 27.
Na2 Rxc1 28. Nxc1 Ke7 29. Nxd3 exd3 30. Kg1 Ne4 0-1

[Event "2. Bundesliga Ost 2015/2016"]
[Site "Wien"]
[Date "2016.03.05"]
[Round "7"]
[Board "1"]
[White "Szabo, Krisztian"]
[Black "Zilka, Stepan"]
[Result "1/2-1/2"]
[WhiteElo "2513"]
[BlackElo "2520"]
[PlyCount "46"]
[EventDate "2015.10.17"]
[EventType "team"]
[EventRounds "11"]
[EventCountry "AUT"]
[WhiteTeam "ASVOE Mattersburg"]
[BlackTeam "Blackburne Nickelsdorf"]

1. e4 e5 2. Nf3 Nc6 3. Bb5 a6 4. Ba4 Nf6 5. O-O Be7 6. d3 b5 7. Bb3 d6 8. a3
O-O 9. Nc3 Bg4 10. Be3 Nd4 11. Bxd4 exd4 12. Nd5 c5 13. h3 Be6 14. Nf4 Bxb3 15.
cxb3 Qd7 16. Re1 Rfe8 17. Nh2 Qb7 18. Ng4 Nd7 19. Qf3 Bg5 20. Nd5 Nb6 21. Qf5
Bd8 22. Qf3 Bg5 23. Qf5 Bd8 1/2-1/2

[Event "2. Bundesliga Ost 2015/2016"]
[Site "Wien"]
[Date "2016.03.05"]
[Round "7"]
[Board "2"]
[White "Schwarhofer, Christopher"]
[Black "Petran, Peter"]
[Result "1-0"]
[WhiteElo "2378"]
[BlackElo "2360"]
[PlyCount "61"]
[EventDate "2015.10.17"]
[EventType "team"]
[EventRounds "11"]
[EventCountry "AUT"]
[WhiteTeam "Blackburne Nickelsdorf"]
[BlackTeam "ASVOE Mattersburg"]

1. e4 g6 2. d4 Bg7 3. Nc3 c6 4. f4 d5 5. e5 Nh6 6. Be3 f6 7. Qd2 O-O 8. h3 Nf5
9. Bf2 fxe5 10. dxe5 e6 11. g4 Nh4 12. O-O-O Nd7 13. Kb1 b5 14. Nce2 Nxe5 15.
Bxh4 Qxh4 16. fxe5 Qf2 17. Qg5 Bd7 18. h4 Qf7 19. Nh3 h6 20. Qe3 Qf3 21. Qxf3
Rxf3 22. Nef4 Bxe5 23. Nxg6 Bd6 24. Re1 Rg3 25. g5 Kg7 26. Ngf4 Kh8 27. Nh5 Rf3
28. Be2 Re3 29. Bg4 Rxe1+ 30. Rxe1 hxg5 31. hxg5 1-0

[Event "2. Bundesliga Ost 2015/2016"]
[Site "Wien"]
[Date "2016.03.05"]
[Round "7"]
[Board "3"]
[White "Brod, Manfred"]
[Black "Lendwai, Reinhard"]
[Result "1/2-1/2"]
[WhiteElo "2259"]
[BlackElo "2360"]
[PlyCount "70"]
[EventDate "2015.10.17"]
[EventType "team"]
[EventRounds "11"]
[EventCountry "AUT"]
[WhiteTeam "ASVOE Mattersburg"]
[BlackTeam "Blackburne Nickelsdorf"]

1. e4 Nf6 2. e5 Nd5 3. c4 Nb6 4. d4 d6 5. exd6 exd6 6. Nc3 Be7 7. Bd3 O-O 8.
Nge2 Bg4 9. Qc2 Bxe2 10. Nxe2 h6 11. Be3 Re8 12. h4 Bxh4 13. Qd2 Bg5 14. f4
Bh4+ 15. g3 Bf6 16. g4 Nc6 17. O-O-O Nb4 18. g5 Nxd3+ 19. Qxd3 Nxc4 20. Qxc4
Rxe3 21. gxf6 Qxf6 22. d5 c6 23. Nc3 c5 24. Rde1 Rae8 25. Rxe3 Rxe3 26. Nd1 Re7
27. a4 a6 28. a5 Re8 29. Rg1 g6 30. Rg3 h5 31. Re3 Rxe3 32. Nxe3 Qh4 33. Qf1
Qf6 34. Qc4 Qh4 35. Qf1 Qf6 1/2-1/2

[Event "2. Bundesliga Ost 2015/2016"]
[Site "Wien"]
[Date "2016.03.05"]
[Round "7"]
[Board "4"]
[White "Pinter, Erik"]
[Black "Wiedner, Robert"]
[Result "1-0"]
[WhiteElo "2370"]
[BlackElo "2197"]
[PlyCount "111"]
[EventDate "2015.10.17"]
[EventType "team"]
[EventRounds "11"]
[EventCountry "AUT"]
[WhiteTeam "Blackburne Nickelsdorf"]
[BlackTeam "ASVOE Mattersburg"]

1. e4 c5 2. Nf3 d6 3. c3 Nf6 4. Be2 Bd7 5. d3 e6 6. O-O Be7 7. Re1 O-O 8. Bf1
Bc6 9. Nbd2 Ne8 10. d4 Nc7 11. dxc5 dxc5 12. a4 b6 13. Qc2 Bb7 14. Nc4 Qc8 15.
Bf4 Rd8 16. Red1 Ne8 17. Rxd8 Bxd8 18. e5 Bxf3 19. gxf3 Nd7 20. Be3 Be7 21. f4
Nf8 22. Rd1 Qc7 23. f5 Rd8 24. fxe6 Nxe6 25. f4 Rxd1 26. Qxd1 g6 27. Qd5 N8g7
28. Bh3 Qd8 29. Qxd8+ Nxd8 30. Kf2 Nde6 31. Kf3 Kf8 32. Ke4 Ke8 33. Na3 Nc7 34.
Nb5 Nxb5 35. axb5 Kd8 36. Kd5 Kc7 37. c4 f5 38. exf6 Bxf6 39. b3 Bc3 40. Bg4
Bb2 41. Bf2 Bf6 42. Bg3 Kb7 43. Kd6 a6 44. Kd7 axb5 45. cxb5 Ka7 46. h4 Bd4 47.
Ke7 Bc3 48. Kf7 Bd4 49. Kg8 Ne8 50. Bf3 Nf6+ 51. Kf7 Bc3 52. Ke6 Ng8 53. f5
gxf5 54. Kxf5 Bd4 55. Ke6 Nf6 56. h5 1-0

[Event "2. Bundesliga Ost 2015/2016"]
[Site "Wien"]
[Date "2016.03.05"]
[Round "7"]
[Board "5"]
[White "Salamon, Werner"]
[Black "Vlcek, Stanislav"]
[Result "1/2-1/2"]
[WhiteElo "2130"]
[BlackElo "2286"]
[PlyCount "56"]
[EventDate "2015.10.17"]
[EventType "team"]
[EventRounds "11"]
[EventCountry "AUT"]
[WhiteTeam "ASVOE Mattersburg"]
[BlackTeam "Blackburne Nickelsdorf"]

1. e4 c5 2. Nf3 d6 3. d4 cxd4 4. Nxd4 Nf6 5. Nc3 a6 6. Be2 e6 7. O-O Be7 8. a4
Nc6 9. Be3 O-O 10. f4 Qc7 11. Bf3 Re8 12. Kh1 Bf8 13. Nb3 b6 14. Qe2 Rb8 15. g4
Na5 16. Nd4 Nc4 17. Bc1 e5 18. Nf5 d5 19. exd5 exf4 20. Qd3 Bxf5 21. Qxf5 Bd6
22. Bg2 Re5 23. Qd3 Nxg4 24. h3 Nge3 25. Rxf4 Nxg2 26. Rxc4 Ne1 27. Rxc7 Nxd3
28. Rc6 Re1+ 1/2-1/2

[Event "2. Bundesliga Ost 2015/2016"]
[Site "Wien"]
[Date "2016.03.05"]
[Round "7"]
[Board "6"]
[White "Kuntner, Reinhard"]
[Black "Savio, Alfred Jun."]
[Result "1-0"]
[WhiteElo "2102"]
[BlackElo "2036"]
[PlyCount "71"]
[EventDate "2015.10.17"]
[EventType "team"]
[EventRounds "11"]
[EventCountry "AUT"]
[WhiteTeam "Blackburne Nickelsdorf"]
[BlackTeam "ASVOE Mattersburg"]

1. c4 Nf6 2. Nc3 e6 3. e4 d5 4. e5 d4 5. exf6 dxc3 6. bxc3 Qxf6 7. Nf3 c5 8.
Bd3 Nc6 9. Be4 h6 10. Rb1 Be7 11. Qa4 e5 12. O-O O-O 13. Re1 Bd6 14. d3 Rb8 15.
Be3 Bd7 16. Rb2 Rfc8 17. Reb1 b6 18. Nd2 Qe7 19. Qd1 Rf8 20. Bd5 Nd8 21. Ne4
Be6 22. Nxd6 Qxd6 23. d4 cxd4 24. cxd4 exd4 25. Qxd4 Bf5 26. Bf4 Ne6 27. Bxd6
Nxd4 28. Rd1 Ne6 29. Bxb8 Rxb8 30. Bxe6 Bxe6 31. c5 Rc8 32. cxb6 axb6 33. a4
Bd7 34. Rb4 Rc2 35. h3 Bc6 36. Ra1 1-0

[Event "2. Bundesliga Ost 2015/2016"]
[Site "Wien"]
[Date "2016.03.05"]
[Round "7"]
[Board "1"]
[White "Chytilek, Roman"]
[Black "Lipka, Juraj"]
[Result "0-1"]
[WhiteElo "2345"]
[BlackElo "2411"]
[PlyCount "70"]
[EventDate "2015.10.17"]
[EventType "team"]
[EventRounds "11"]
[EventCountry "AUT"]
[WhiteTeam "SV Stockerau"]
[BlackTeam "ASVOE Pamhagen"]

1. d4 d5 2. c4 c6 3. Nf3 e6 4. Qc2 dxc4 5. Qxc4 Nf6 6. Bg5 Qb6 7. Qc1 c5 8.
Nbd2 Nc6 9. Nc4 Qd8 10. dxc5 Bxc5 11. Be3 Be7 12. g3 Bd7 13. Qd1 Nd5 14. Bd2
Rc8 15. a3 Nb6 16. Rc1 Nxc4 17. Rxc4 e5 18. Be3 b5 19. Rc1 b4 20. a4 O-O 21.
Bg2 Be6 22. O-O Qa5 23. Nd2 Qa6 24. Be4 Rfd8 25. Bd3 Qb7 26. f3 b3 27. Be4 f5
28. Bd3 Nb4 29. Rxc8 Qxc8 30. Bb1 Bc5 31. Bf2 f4 32. Qe1 Bxf2+ 33. Rxf2 Nc2 34.
Qc1 Ne3 35. Qxc8 Rxc8 0-1

[Event "2. Bundesliga Ost 2015/2016"]
[Site "Wien"]
[Date "2016.03.05"]
[Round "7"]
[Board "2"]
[White "Maslik, Miroslav"]
[Black "Groetz, Harald"]
[Result "1-0"]
[WhiteElo "2333"]
[BlackElo "2282"]
[PlyCount "52"]
[EventDate "2015.10.17"]
[EventType "team"]
[EventRounds "11"]
[EventCountry "AUT"]
[WhiteTeam "ASVOE Pamhagen"]
[BlackTeam "SV Stockerau"]

1. d4 Nf6 2. Nf3 d5 3. c4 c6 4. Nc3 dxc4 5. a4 Bf5 6. e3 e6 7. Bxc4 Bb4 8. O-O
Nbd7 9. Nh4 Bg4 10. f3 Nd5 11. fxg4 Qxh4 12. Qf3 O-O 13. e4 N5b6 14. Bb3 a5 15.
g5 c5 16. g3 Qh3 17. Nd1 g6 18. Nf2 Qh5 19. Ng4 cxd4 20. Bd1 Rac8 21. h4 Kg7
22. Qg2 Nxa4 23. Nf6 Qxd1 24. Rxd1 Ndb6 25. Qf3 Rfd8 26. Rf1 Nd7 1-0

[Event "2. Bundesliga Ost 2015/2016"]
[Site "Wien"]
[Date "2016.03.05"]
[Round "7"]
[Board "3"]
[White "Stanivukovic, Drago"]
[Black "Jacko, Vladimir"]
[Result "0-1"]
[WhiteElo "1928"]
[BlackElo "2339"]
[PlyCount "146"]
[EventDate "2015.10.17"]
[EventType "team"]
[EventRounds "11"]
[EventCountry "AUT"]
[WhiteTeam "SV Stockerau"]
[BlackTeam "ASVOE Pamhagen"]

1. e4 c5 2. g3 Nc6 3. Bg2 g6 4. c3 Bg7 5. Ne2 e5 6. O-O Nge7 7. d3 O-O 8. Be3
b6 9. Qd2 d6 10. Bh6 f6 11. Bxg7 Kxg7 12. d4 cxd4 13. cxd4 Ba6 14. d5 Bxe2 15.
Qxe2 Nd4 16. Qd2 Rc8 17. Nc3 Qd7 18. Rac1 Rc5 19. Ne2 Nxe2+ 20. Qxe2 Rfc8 21.
Rxc5 Rxc5 22. Rd1 Qc8 23. h3 Ng8 24. Kh2 Nh6 25. Rd2 Nf7 26. h4 Nh6 27. Bh3 Qc7
28. Kg2 Rc1 29. Be6 Rc4 30. f3 Qc5 31. Qf2 f5 32. Qxc5 bxc5 33. b3 Rc3 34. Kf2
Kf6 35. g4 fxg4 36. fxg4 g5 37. h5 Kg7 38. Re2 Rh3 39. Kg2 Rh4 40. Kg3 Rh1 41.
Kg2 Ra1 42. Kf2 Ng8 43. Bxg8 Kxg8 44. Kg2 h6 45. Kf2 Kf7 46. Kg2 Ke7 47. Kf2 a5
48. Kg2 Rd1 49. Kf2 Rd4 50. Ke3 a4 51. bxa4 Rxa4 52. Rb2 Ra7 53. Kd3 Ra3+ 54.
Kc4 Ra4+ 55. Kd3 Ra7 56. Ke2 Kd7 57. Kd1 Kc7 58. Rf2 Ra4 59. Rf7+ Kb6 60. Rd7
Rxe4 61. Rxd6+ Kb5 62. Rxh6 Rxg4 63. Re6 e4 64. h6 Rh4 65. a4+ Kxa4 66. d6 Kb3
67. Kc1 Kc3 68. Kd1 Kd3 69. Ke1 e3 70. Kf1 e2+ 71. Kg2 Rxh6 72. d7 Rxe6 73.
d8=Q+ Kc4 0-1

[Event "2. Bundesliga Ost 2015/2016"]
[Site "Wien"]
[Date "2016.03.05"]
[Round "7"]
[Board "4"]
[White "Vitouch, Anatol"]
[Black "Pernerstorfer, Johannes"]
[Result "1-0"]
[WhiteElo "2254"]
[BlackElo "1997"]
[PlyCount "57"]
[EventDate "2015.10.17"]
[EventType "team"]
[EventRounds "11"]
[EventCountry "AUT"]
[WhiteTeam "ASVOE Pamhagen"]
[BlackTeam "SV Stockerau"]

1. g3 e5 2. c4 c6 3. d4 exd4 4. Qxd4 Nf6 5. Bg2 Be7 6. Nf3 O-O 7. O-O d5 8.
cxd5 cxd5 9. Nc3 Nc6 10. Qa4 Be6 11. Nd4 Rc8 12. Nxc6 bxc6 13. Qxa7 d4 14. Rd1
c5 15. Bg5 Rc7 16. Qb6 Qc8 17. Nb5 Rd7 18. Rac1 Qb8 19. Qa6 Qe5 20. Bxf6 Qxf6
21. b3 Rb8 22. Na7 Rd6 23. Nc6 Bg4 24. Qa7 Re8 25. Nxe7+ Kf8 26. Nd5 Qe5 27.
Qxc5 Bxe2 28. Rxd4 Ba6 29. Re4 1-0

[Event "2. Bundesliga Ost 2015/2016"]
[Site "Wien"]
[Date "2016.03.05"]
[Round "7"]
[Board "5"]
[White "Enkhjargal, Budjav"]
[Black "Rubil, Marko"]
[Result "0-1"]
[WhiteElo "1981"]
[BlackElo "2217"]
[PlyCount "78"]
[EventDate "2015.10.17"]
[EventType "team"]
[EventRounds "11"]
[EventCountry "AUT"]
[WhiteTeam "SV Stockerau"]
[BlackTeam "ASVOE Pamhagen"]

1. d4 d5 2. Bg5 h6 3. Bf4 Nf6 4. Nf3 Bf5 5. e3 e6 6. Bd3 Ne4 7. Nfd2 c5 8. Bxb8
Rxb8 9. Bb5+ Ke7 10. Nxe4 dxe4 11. O-O a6 12. Be2 cxd4 13. exd4 g5 14. c3 Qb6
15. Nd2 Bg7 16. Nc4 Qc6 17. Ne3 Rhd8 18. Qb3 Bg6 19. Rad1 Kf8 20. d5 exd5 21.
Rxd5 Rxd5 22. Nxd5 Be5 23. c4 Qd6 24. h3 Kg7 25. Rd1 Qc5 26. Nb6 e3 27. fxe3
Bc2 28. Qxc2 Qxe3+ 29. Kh1 Qxb6 30. Qe4 Qxb2 31. Bd3 Kf8 32. Re1 Re8 33. Qh7
Bg7 34. Rxe8+ Kxe8 35. Qe4+ Be5 36. Kg1 Kf8 37. Qe2 Qc1+ 38. Kf2 Bd4+ 39. Kg3
Qf4# 0-1

[Event "2. Bundesliga Ost 2015/2016"]
[Site "Wien"]
[Date "2016.03.05"]
[Round "7"]
[Board "6"]
[White "Kuthan, Andreas"]
[Black "Spoerk, Rainer"]
[Result "1-0"]
[WhiteElo "2214"]
[BlackElo "1988"]
[PlyCount "55"]
[EventDate "2015.10.17"]
[EventType "team"]
[EventRounds "11"]
[EventCountry "AUT"]
[WhiteTeam "ASVOE Pamhagen"]
[BlackTeam "SV Stockerau"]

1. d4 Nf6 2. c4 g6 3. Nc3 d5 4. Nf3 Bg7 5. Bg5 Ne4 6. Bh4 Nxc3 7. bxc3 Nc6 8.
e3 O-O 9. cxd5 Qxd5 10. Be2 e5 11. Bg3 Qa5 12. O-O Qxc3 13. d5 Ne7 14. Rc1 Qa5
15. Nxe5 Nxd5 16. Nc4 Qc5 17. Nd6 Nc3 18. Nb5 Qb4 19. Nxc3 Bxc3 20. Bxc7 Be6
21. Bd6 Qa5 22. Bxf8 Rxf8 23. Qc2 Rc8 24. Rfd1 b5 25. Rd6 Be5 26. Rc6 Rd8 27.
Qc5 Rd5 28. Rc8+ 1-0

[Event "2. Bundesliga Ost 2015/2016"]
[Site "Wien"]
[Date "2016.03.05"]
[Round "7"]
[Board "1"]
[White "Stanec, Nikolaus"]
[Black "Weinzettl, Ernst"]
[Result "1/2-1/2"]
[WhiteElo "2457"]
[BlackElo "2299"]
[PlyCount "103"]
[EventDate "2015.10.17"]
[EventType "team"]
[EventRounds "11"]
[EventCountry "AUT"]
[WhiteTeam "SC Donaustadt"]
[BlackTeam "ASVOE VHS Poechlarn"]

1. Nf3 Nf6 2. c4 g6 3. Nc3 Bg7 4. g3 O-O 5. Bg2 d6 6. O-O Nc6 7. d3 e5 8. Rb1
Nd4 9. Nd2 c6 10. e3 Ne6 11. Nf3 Nc5 12. b4 Nxd3 13. Qxd3 e4 14. Nxe4 Nxe4 15.
Nd4 Nc5 16. bxc5 dxc5 17. Ba3 Bf5 18. Qb3 cxd4 19. Bxf8 Qxf8 20. Rbd1 dxe3 21.
Qxe3 Qb4 22. Qb3 a5 23. Rfe1 Bf8 24. Be4 Be6 25. Rb1 Qxb3 26. axb3 a4 27. bxa4
Rxa4 28. Rxb7 Rxc4 29. Bf3 Bb4 30. Rd1 Bc5 31. Rd2 Bd4 32. Kg2 c5 33. Rb8+ Kg7
34. Rd8 Rb4 35. Bd5 Bc3 36. Rd1 Bg4 37. Rc1 Bd4 38. Ra8 Rb6 39. Ra7 Rf6 40. f3
Be6 41. Bxe6 Rxe6 42. Rc2 g5 43. Rc7 h5 44. f4 gxf4 45. gxf4 Re3 46. Rf2 Kg6
47. f5+ Kg7 48. Rc6 Rc3 49. Re2 h4 50. h3 Rg3+ 51. Kh2 Rf3 52. Re4 1/2-1/2